000 01131nam a2200253 i 4500
001 123687
003 ES-MaACL
005 20250716063259.0
007 t|
008 070214m19591967sp |||| | lat d
100 0 _aRamón Llull,
_cBeato,
_dca. 1232-1316?
_995219
245 1 0 _aOpera latina /
_cRaimundi Lulli ; edidit Dr. Johannes Stochr.
260 _aPalmae Maioricarum :
_bMaioricensis Schola Lullistica,
_c1959-1967.
300 _a5 v. ;
_c25 cm.
505 8 _aContiene: v. I: Opera latina 240 - 250 : Opera Messanensia --- v. II: Opera latina 251 - 280 : Opera Tuniciana --- v. III: Opera latina 118 : Liber de Praedicatione : Distinctio I - II A ---- v. IV: Opera latina 118 : Liber de Praedicatione : Distinctio II B : centum sermones --- v. V: Opera latina 154 - 155 : Opera parisiensia : anno MCCCIX composita
700 1 _aStochr, Johannes.
_9108243
710 2 _aMaioricensis Schola Lullistica.
_95633
740 0 _aOpera Messanensia.
740 0 _aOpera Tuniciana.
740 0 _aLiber de praedicatione.
740 0 _aOpera Parisiensia.
852 _aES-MaACL
_jP-626
999 _c123687
_d123687